ბათუმის შოთა რუსთაველის სახელმწიფო უნივერსიტეტის ბიბლიოთეკა

ევროპული დემოკრატიები: (ბიბ.ჩანაწერი № 41865)

000 -ლიდერი
ფიქსირებული სიგრძის საკონტროლო ველი 01416nam a2200241Ia 4500
001 - საკონტროლო ნომერი
საკონტროლო ველი 8548
003 - საკონტროლო ნომრის იდენტიფიკატორი
საკონტროლო ველი GE_BSU
005 - ბოლო ოპერაციის თარიღი და დრო
საკონტროლო ველი 20250217105737.0
008 - ფიქსირებული სიგრძის მონაცემთა ელემენტები - ზოგადი ინფორმაცია
ფიქსირებული სიგრძის საკონტროლო ველი 181216s2013||||ge |||||||||||||| ||geo||
020 ## - წიგნის საერთაშორისო სტანდარტული ნომერი
International Standard Book Number 9789941181573
040 ## - კატალოგიზაციის წყარო
Transcribing agency GE_BSU
041 ## - ენის კოდი
Language code of text/sound track or separate title geo
080 ## - უნივერსალური ათობითი კლასიფიკაციის ინდექსი
Universal Decimal Classification number 321.7(4) ე-35
245 ## - ცნობა სათაურის შესახებ
Title ევროპული დემოკრატიები:
Remainder of title ნაციონალური პოლიტიკური სისტემების შედარებითი მიდგომა /
Statement of responsibility, etc ჟან-მიშელ დე ვაელისა და პოლ მანიეტის რედ.; ფრანგ. თარგმანი ნ. ცქიტიშვილი ; სამეცნ. რედ. მალხაზ მაცაბერიძე.
264 ## - წარმოების, გამოცემის, დისტრიბუციის და სხვა ცნობები
გამოცემის, წარმოების, დისტრიბუციის... ადგილი თბილისი :
გამოცემის, წარმოების, დისტრიბუციის... სახელწოდება ილიას სახელმწ. უნ-ტი,
გამოცემის, წარმოების, დისტრიბუციის... თარიღი 2013.
300 ## - ფიზიკური აღწერა
Extent 340 გვ.:
Other physical details ტაბ.;
Dimensions 27 სმ.
653 ## - INDEX TERM--UNCONTROLLED
Uncontrolled term ევროპული დემოკრატია
700 ## - ADDED ENTRY--PERSONAL NAME
Personal name დე ვაელი, ჟან-მიშელ
Relator term რედაქტორი
9 (RLIN) 24376
700 ## - ADDED ENTRY--PERSONAL NAME
Personal name მანიეტი, პოლ
Relator term რედაქტორი
9 (RLIN) 24377
700 ## - ADDED ENTRY--PERSONAL NAME
Personal name მაცაბერიძე, მალხაზ
Relator term რედაქტორი
9 (RLIN) 24378
700 ## - ADDED ENTRY--PERSONAL NAME
Personal name ცქიტიშვილი, ნ.
Relator term მთარგმნელი
9 (RLIN) 10197
942 ## - ADDED ENTRY ELEMENTS (KOHA)
Koha item type წიგნი
Source of classification or shelving scheme
ეგზემპლარები
ჩამოწერის სტატუსი დაკარგული ეგზემპლარის სტატუსი კლასიფიკაციის წყარო ან თაროზე გაწყობის სქემა დაზიანების სტატუსი არ გაიცემა მუდმივი მდებარეობა (დაცვის ადგილი) ამჟამინდელი ადგილსამყოფელი თაროზე განთავსების ადგილი შეძენის თარიღი სრული შენახვის შიფრი შტრიხკოდი ბოლო ოპერაციის თარიღი ეგზემპლარის მიმდევრობითი ნომერი (კეტერი?) ფასის ძალაში შესვლის თარიღი ეგზემპლარის სახეობა Uniform Resource Identifier ღირებულება, შესყიდვის ნორმალური ფასი საჯარო შენიშვნა
          ბათუმის შოთა რუსთაველის სახელმწიფო უნივერსიტეტის მთავარი ბიბლიოთეკა ბათუმის შოთა რუსთაველის სახელმწიფო უნივერსიტეტის მთავარი ბიბლიოთეკა წიგნსაცავი 2018-12-17 321.7(4) ე-35 30881 2018-12-17 30881 2018-12-17 წიგნი      
          ბათუმის შოთა რუსთაველის სახელმწიფო უნივერსიტეტის მთავარი ბიბლიოთეკა ბათუმის შოთა რუსთაველის სახელმწიფო უნივერსიტეტის მთავარი ბიბლიოთეკა წიგნსაცავი 2018-12-17 321.7(4) ე-35 32024 2018-12-17 32024 2018-12-17 წიგნი    
          ბათუმის შოთა რუსთაველის სახელმწიფო უნივერსიტეტის მთავარი ბიბლიოთეკა ბათუმის შოთა რუსთაველის სახელმწიფო უნივერსიტეტის მთავარი ბიბლიოთეკა წიგნსაცავი 2018-12-17 321.7(4) ე-35 34442 2018-12-17 34442 2018-12-17 წიგნი   12.90 12 ლ.90 თ.
          ბათუმის შოთა რუსთაველის სახელმწიფო უნივერსიტეტის მთავარი ბიბლიოთეკა ბათუმის შოთა რუსთაველის სახელმწიფო უნივერსიტეტის მთავარი ბიბლიოთეკა წიგნსაცავი 2018-12-17 321.7(4) ე-35 34443 2018-12-17 34443 2018-12-17 წიგნი   12.90 12 ლ. 90 თ.
          ბათუმის შოთა რუსთაველის სახელმწიფო უნივერსიტეტის მთავარი ბიბლიოთეკა ბათუმის შოთა რუსთაველის სახელმწიფო უნივერსიტეტის მთავარი ბიბლიოთეკა წიგნსაცავი 2018-12-17 321.7(4) ე-35 34444 2018-12-17 34444 2018-12-17 წიგნი   12.90 12 ლ. 90 თ.
          ბათუმის შოთა რუსთაველის სახელმწიფო უნივერსიტეტის მთავარი ბიბლიოთეკა ბათუმის შოთა რუსთაველის სახელმწიფო უნივერსიტეტის მთავარი ბიბლიოთეკა წიგნსაცავი 2018-12-17 321.7(4) ე-35 34445 2018-12-17 34445 2018-12-17 წიგნი   12.90 12 ლ. 90 თ.
          ბათუმის შოთა რუსთაველის სახელმწიფო უნივერსიტეტის მთავარი ბიბლიოთეკა ბათუმის შოთა რუსთაველის სახელმწიფო უნივერსიტეტის მთავარი ბიბლიოთეკა წიგნსაცავი 2018-12-17 321.7(4) ე-35 34446 2018-12-17 34446 2018-12-17 წიგნი   12.90 12 ლ. 90 თ.
          ბათუმის შოთა რუსთაველის სახელმწიფო უნივერსიტეტის მთავარი ბიბლიოთეკა ბათუმის შოთა რუსთაველის სახელმწიფო უნივერსიტეტის მთავარი ბიბლიოთეკა წიგნსაცავი 2025-02-17 321.7(4) ე-35 70648 2025-02-17 70648 2025-02-17 წიგნი ნაჩუქარი 13.00 13 ლ.